| 000 | 00619nam a2200229Ia 4500 | ||
|---|---|---|---|
| 001 | 14791 | ||
| 003 | GE_BSU | ||
| 008 | 181216s||||||||xx |||||||||||||| ||und|| | ||
| 020 | _a5090070806 | ||
| 040 | _cGE_BSU | ||
| 080 | _a512(075.3) | ||
| 100 | _aАлимов,Ш.А.и др. | ||
| 245 | _aАлгебра и начала анализа. | ||
| 245 | _bУчебник для 10-11кл. | ||
| 250 | _a4-е изд. | ||
| 260 | _aМосква | ||
| 260 | _bПросвещение | ||
| 260 | _c1996 | ||
| 300 | _a254стр.илл.22см. | ||
| 653 | _aАлгебра и начала анализа. | ||
| 942 | _cBK | ||
| 999 |
_c47914 _d47914 |
||